00763nam a22001097a 4500040000800000082002600008100006300034245049600097260001800593300002400611856001800635 cRUA aVEM KY 2015 B485 Or.1 aKY VANNDARITH; គី វ៉ាន់ដារិទ្ធ aStudy on duck cholera disease of korky breed and theirs antibosies by using ha and hi-test in romlech commune, sithorkandal district, prey veng province, សិក្សាលើជំងឺអាសន្នរោគទា និងអង់ទីកររបស់ពូជទាកាគី កាប៊ែល តាមរយៈតេស្ត HA និង HI ក្នុងឃុំ​រំលេច ស្រុកស៊ីធរកណ្ដាល ខេត្តព្រៃវែង aRUAbKYc2015 ax,35p.bill.c29cm. uKY VANNDARITH